000 01514nam a2200577 a 4500
003 AR-BaBNM
005 20251128210652.0
008 082120s2002 ||||||||||||||000 | spa||
020 _a84-7666-093-6
040 _cAR-BaBNM
245 0 0 _aAnálisis de los currículos de filosofía en el nivel medio en Iberoamérica
260 _aMadrid
_bOEI
_c1998
300 _a301 p.
_btablas
500 _aContiene anexos
650 4 _aENSEÑANZA DE LA FILOSOFIA
650 4 _aPROGRAMAS DE EDUCACION
650 4 _aEDUCACION COMPARADA
651 4 _aVenezuela
651 4 _aUruguay
651 4 _aRepública Dominicana
651 4 _aPuerto Rico
651 4 _aPerú
651 4 _aParaguay
651 4 _aPanamá
651 4 _aNicaragua
651 4 _aMéxico
651 4 _aHonduras
651 4 _aGuatemala
651 4 _aEspaña
651 4 _aEl Salvador
651 4 _aEcuador
651 4 _aCuba
651 4 _aCosta Rica
651 4 _aColombia
651 4 _aChile
651 4 _aBolivia
651 4 _aArgentina
651 4 _aIBEROAMERICA
653 _aNIVEL MEDIO
653 _aTERCER CICLO DE LA EGB
653 _aEDUCACION POLIMODAL
700 1 _aAlbizu Panciroli, Edgardo Lorenzo
700 1 _aArroyo Pomeda, Julián
700 1 _aCifuentes Pérez, Luis María
700 1 _aMartínez Barrera, Jorge
700 1 _aOrtigosa López, Santiago
700 1 _aRocha de la Torre, Alfredo
700 1 _aTorrado Pacheco, Rafael Eduardo
942 _cBK
998 _cRAQUEL
999 _c16363
_d16363